00519nam a2200157Ia 4500008004100000020001400041040001800055041000800073245008700081260006100168300001800229504004000247650001400287650002900301650003100330130821s1993 enk gr eng  a521435099 aCo-BoUCMbspa00aeng00aGramsci historical materialism and international relationscEdited by Stephen Gill aCambridge (Inglaterra)bCambridge University Pressc1993 a320 páginas aIncluye índices y bibliografías04aComunismo04aMaterialismo histórico04aRelaciones internacionales